Principles Of Communication Systems (Record no. 28051)

MARC details
000 -LEADER
fixed length control field 00334nam a22001457a 4500
003 - CONTROL NUMBER IDENTIFIER
control field OSt
005 - DATE AND TIME OF LATEST TRANSACTION
control field 20220127090041.0
008 - FIXED-LENGTH DATA ELEMENTS--GENERAL INFORMATION
fixed length control field 220127b |||||||| |||| 00| 0 eng d
020 ## - INTERNATIONAL STANDARD BOOK NUMBER
International Standard Book Number 070629234
040 ## - CATALOGING SOURCE
Transcribing agency HU
082 ## - DEWEY DECIMAL CLASSIFICATION NUMBER
Classification number 621.3
Item number 1
100 ## - MAIN ENTRY--PERSONAL NAME
Personal name Taub
9 (RLIN) 28783
245 ## - TITLE STATEMENT
Title Principles Of Communication Systems
942 ## - ADDED ENTRY ELEMENTS (KOHA)
Source of classification or shelving scheme Dewey Decimal Classification
Koha item type Books like text book referance book
Suppress in OPAC No
Holdings
Withdrawn status Lost status Source of classification or shelving scheme Damaged status Not for loan Home library Current library Shelving location Date acquired Total Checkouts Full call number Barcode Date last seen Copy number Price effective from Koha item type
    Dewey Decimal Classification     IoT Library IoT Library General Stacks 01/27/2022   621.3-TAU-1971 IOTL0007097 01/27/2022 1 01/27/2022 Books like text book referance book
    Dewey Decimal Classification     IoT Library IoT Library General Stacks 01/27/2022   621.3-TAU-1971 IOTL0007098 01/27/2022 2 01/27/2022 Books like text book referance book